[Event "Kvika Reykjavik Open 2022"]
[Site "Reykjavik, Iceland"]
[Date "2022.04.07"]
[Round "2.46"]
[White "Kolka, Dawid"]
[Black "Player, Edmund C"]
[Result "0-1"]
[WhiteElo "1897"]
[BlackElo "2196"]
[PlyCount "122"]
[EventDate "2022.??.??"]

1. e4 {[%eval 33,0]} e6 {[%eval 13,0]} 2. d4 {[%eval 24,0]} d5 {[%eval 25,0]}
3. exd5 {[%eval 23,0]} exd5 {[%eval 21,0]} 4. Nc3 {[%eval 0,0]} Bb4 {[%eval 17,
0]} 5. Bd3 {[%eval 21,0]} Nc6 {[%eval 42,0]} 6. a3 {[%eval 25,0]} Bxc3+ {
[%eval 53,0]} 7. bxc3 {[%eval 36,0]} Nge7 {[%eval 3,0]} 8. Ne2 {[%eval 7,0]}
Bg4 {[%eval 33,0]} 9. f3 $6 {[%eval 29,0] Inaccuracy. a4 was best.} (9. a4 O-O)
9... Bf5 {[%eval 31,0]} 10. Ng3 {[%eval 6,0]} Bg6 {[%eval 14,0]} 11. O-O {
[%eval 47,0]} O-O $6 {[%eval 8,0] Inaccuracy. Bxd3 was best.} (11... Bxd3 12.
Qxd3 Qd7 13. Nh5 O-O-O 14. Re1 Rhg8 15. Rb1 b6 16. Nf4 g5 17. Qa6+ Kb8 18. Nd3)
12. Be3 {[%eval 32,0]} Qd7 {[%eval 48,0]} 13. Qd2 {[%eval 38,0]} Na5 {[%eval
18,0]} 14. Rae1 {[%eval 66,0]} Nc8 $2 {[%eval 41,0] Mistake. Nc4 was best.} (
14... Nc4) 15. h4 {[%eval 6,0]} f6 {[%eval 8,0]} 16. h5 {[%eval 58,0]} Bf7 {
[%eval 97,0]} 17. Nf5 {[%eval 96,0]} Nc4 {[%eval 108,0]} 18. Bxc4 {[%eval 83,0]
} Qxf5 {[%eval 86,0]} 19. g4 {[%eval 88,0]} Qd7 {[%eval 87,0]} 20. Bd3 {
[%eval 79,0]} Nd6 {[%eval 74,0]} 21. Bf4 {[%eval 3,0]} Nc4 {[%eval 29,0]} 22.
Bxc4 {[%eval 0,0]} dxc4 {[%eval 15,0]} 23. Re3 {[%eval 26,0]} c5 {[%eval 12,0]}
24. Rfe1 {[%eval 11,0]} Rad8 {[%eval 15,0]} 25. h6 {[%eval 2,0]} g5 {[%eval 15,
0]} 26. Re7 {[%eval 22,0]} Qd5 {[%eval 19,0]} 27. Bc7 {[%eval 4,0]} Rd7 {
[%eval 19,0]} 28. Rxd7 {[%eval 18,0]} Qxd7 {[%eval 18,0]} 29. Bg3 {[%eval 2,0]}
Rd8 {[%eval 18,0]} 30. Bf2 {[%eval 22,0]} Qd6 {[%eval 13,0]} 31. Re3 {[%eval
24,0]} Qf8 {[%eval 13,0]} 32. Qe2 {[%eval 32,0]} cxd4 {[%eval 5,0]} 33. cxd4 {
[%eval 35,0]} Qxh6 {[%eval 47,0]} 34. Re7 {[%eval 66,0]} Qf8 {[%eval 24,0]} 35.
Qe4 {[%eval 33,0]} Re8 {[%eval 43,0]} 36. Rxe8 {[%eval 28,0]} Bxe8 {[%eval 8,0]
} 37. Qxb7 {[%eval 15,0]} Qxa3 {[%eval 0,0]} 38. d5 $4 {[%eval -393,0] Blunder.
Qc8 was best.} (38. Qc8 Qa4 39. d5 Kg7 40. Bd4 Qxc2 41. Qxe8 Qd1+ 42. Kg2 Qxd4
43. Qe7+ Kg6 44. d6 Qd2+) 38... Qxf3 {[%eval -397,0]} 39. Qc8 {[%eval -208,0]}
Qe4 {[%eval -211,0]} 40. Qe6+ $2 {[%eval -596,0] Mistake. Kf1 was best.} (40.
Kf1 Kf7) 40... Qxe6 {[%eval -591,0]} 41. dxe6 {[%eval -561,0]} a5 {[%eval -571,
0]} 42. Bc5 {[%eval -536,0]} Ba4 {[%eval -437,0]} 43. Bb6 {[%eval -414,0]} Bxc2
{[%eval -401,0]} 44. Bxa5 {[%eval -553,0]} Bd1 {[%eval -543,0]} 45. Bc3 {
[%eval -597,0]} Bxg4 {[%eval -552,0]} 46. e7 {[%eval -545,0]} Bd7 {[%eval -526,
0]} 47. Bxf6 {[%eval -528,0]} h6 {[%eval -518,0]} 48. Bc3 {[%eval -527,0]} Kf7
{[%eval -509,0]} 49. Bb4 {[%eval -513,0]} Ke6 {[%eval -526,0]} 50. Kf2 {
[%eval -517,0]} Kd5 {[%eval -556,0]} 51. Ke3 {[%eval -544,0]} h5 {[%eval -515,
0]} 52. Bc3 {[%eval -506,0]} h4 {[%eval -558,0]} 53. Bf6 {[%eval -663,0]} h3
54. Kf3 g4+ 55. Kg3 Ke4 56. Bg5 Kd3 57. Bf4 c3 58. e8=Q Bxe8 59. Kxg4 Bd7+ 60.
Kf3 c2 61. Kf2 Kc3 0-1

[Event "Kvika Reykjavik Open 2022"]
[Site "Reykjavik, Iceland"]
[Date "2022.04.07"]
[Round "2.47"]
[White "Popvasilev, Kaloyan"]
[Black "Arnalds, Stefan"]
[Result "1-0"]
[WhiteElo "2191"]
[BlackElo "1900"]
[PlyCount "61"]
[EventDate "2022.??.??"]

1. e4 {[%eval 33,0]} c5 {[%eval 32,0]} 2. Nf3 {[%eval 0,0]} e6 {[%eval 13,0]}
3. d4 {[%eval 42,0]} cxd4 {[%eval 38,0]} 4. Nxd4 {[%eval 4,0]} Nf6 {[%eval 4,0]
} 5. Nc3 {[%eval 0,0]} Nc6 {[%eval 0,0]} 6. Ndb5 {[%eval 27,0]} Bb4 {[%eval 39,
0]} 7. a3 {[%eval 39,0]} Bxc3+ {[%eval 57,0]} 8. Nxc3 {[%eval 45,0]} d5 {
[%eval 56,0]} 9. exd5 {[%eval 6,0]} exd5 {[%eval 6,0]} 10. Bd3 {[%eval 57,0]}
d4 {[%eval 81,0]} 11. Ne2 {[%eval 62,0]} O-O {[%eval 59,0]} 12. O-O {[%eval 8,
0]} Qd5 {[%eval 124,0]} 13. Nf4 {[%eval 101,0]} Qd6 {[%eval 132,0]} 14. Nh5 {
[%eval 123,0]} Nxh5 {[%eval 166,0]} 15. Qxh5 {[%eval 103,0]} g6 {[%eval 178,0]}
16. Qh4 {[%eval 133,0]} f5 $4 {[%eval 565,0] Blunder. Re8 was best.} (16... Re8
17. Bg5 Ne5 18. Rae1 Bd7 19. Re4 Nxd3 20. Rxd4 Qc7 21. cxd3 Bc6 22. Bf6 Re6 23.
Rf4) 17. Bf4 $2 {[%eval 300,0] Mistake. Bh6 was best.} (17. Bh6 Rf7 18. Rae1
Be6 19. Re2 Qe7 20. Qf4 Qd7 21. Rfe1 Bd5 22. h4 a6 23. Qg5 Kh8) 17... Qf6 {
[%eval 409,0]} 18. Bg5 $6 {[%eval 295,0] Inaccuracy. Qxf6 was best.} (18. Qxf6)
18... Qf7 {[%eval 276,0]} 19. Rae1 {[%eval 285,0]} Be6 {[%eval 300,0]} 20. b3 {
[%eval 207,0]} Rfe8 {[%eval 265,0]} 21. Qf4 {[%eval 296,0]} Bd5 {[%eval 307,0]}
22. Qd6 {[%eval 278,0]} Kg7 {[%eval 262,0]} 23. f4 $2 {[%eval 105,0] Mistake.
h4 was best.} (23. h4 h6 24. Bd2 Be4 25. Bc4 Qf8 26. Qc7+ Qe7 27. Qg3 Qf6 28.
f3 f4 29. Bxf4 Bxc2) 23... a6 {[%eval 153,0]} 24. a4 {[%eval 139,0]} Rac8 $6 {
[%eval 212,0] Inaccuracy. h6 was best.} (24... h6 25. Bh4 a5 26. Bb5 Rac8 27.
Rxe8 Rxe8 28. h3 Qe6 29. Qc7+ Qf7 30. Qb6 Kh7 31. Bf2) 25. b4 {[%eval 233,0]}
Bc4 $4 {[%eval 518,0] Blunder. h6 was best.} (25... h6) 26. b5 $6 {[%eval 398,
0] Inaccuracy. Bxc4 was best.} (26. Bxc4) 26... Bxd3 {[%eval 427,0]} 27. cxd3 {
[%eval 472,0]} axb5 {[%eval 464,0]} 28. axb5 {[%eval 435,0]} Rxe1 $2 {[%eval
783,0] Mistake. Nd8 was best.} (28... Nd8 29. Re7) 29. Rxe1 {[%eval 800,0]} Re8
{[%eval 815,0]} 30. Qf6+ {[%eval 614,0]} Kg8 {[%eval 698,0]} 31. Qxf7+ {
[%eval 646,0]} 1-0

[Event "Kvika Reykjavik Open 2022"]
[Site "Reykjavik, Iceland"]
[Date "2022.04.07"]
[Round "2.48"]
[White "Zheng, Harry Z"]
[Black "Ptacnikova, Lenka"]
[Result "1/2-1/2"]
[WhiteElo "1873"]
[BlackElo "2186"]
[PlyCount "96"]
[EventDate "2022.??.??"]

1. e4 c5 2. Nf3 e6 3. d4 cxd4 4. Nxd4 Nc6 5. Nc3 Qc7 6. Be3 a6 7. Qd2 Nf6 8.
O-O-O Bb4 9. f3 O-O 10. g4 d5 11. g5 Nd7 12. exd5 exd5 13. a3 Ba5 14. Nb3 Bxc3
15. Qxc3 Qe5 16. Qxe5 Ndxe5 17. f4 Nc4 18. Bc5 Bg4 19. Rxd5 Bf3 20. Bxc4 Bxh1
21. Rd1 Bf3 22. Rf1 Be4 23. Bxf8 Kxf8 24. Nc5 b5 25. Bxb5 axb5 26. Nxe4 b4 27.
Rf3 Nd4 28. Re3 bxa3 29. Rxa3 Rxa3 30. bxa3 Ne2+ 31. Kd2 Nxf4 32. a4 Ke7 33.
Kc3 Kd7 34. Kc4 Kc6 35. Nd2 Nd5 36. Nf3 Nb6+ 37. Kb4 Nd5+ 38. Kb3 Kc5 39. Ne5
f5 40. gxf6 Nxf6 41. c4 g5 42. a5 g4 43. Nd3+ (43. Nc6 {Kb4+ Kxc6 Nxb4}) 43...
Kc6 44. Nb4+ Kb7 45. c5 h5 46. c6+ Kc7 47. a6 Kb6 48. Kc4 h4 1/2-1/2

[Event "Kvika Reykjavik Open 2022"]
[Site "Reykjavik, Iceland"]
[Date "2022.04.07"]
[Round "2.49"]
[White "Solnicki, Michal"]
[Black "Baecker, Niko"]
[Result "0-1"]
[WhiteElo "2182"]
[BlackElo "1885"]
[PlyCount "161"]
[EventDate "2022.??.??"]

1. Nf3 {[%eval 29,0]} Nf6 {[%eval 29,0]} 2. c4 {[%eval 25,0]} c6 {[%eval 24,0]}
3. b3 {[%eval 0,0]} d5 {[%eval 0,0]} 4. Bb2 {[%eval 17,0]} Bf5 {[%eval 44,0]}
5. g3 {[%eval 0,0]} e6 {[%eval 16,0]} 6. Bg2 {[%eval 0,0]} Be7 {[%eval 0,0]} 7.
O-O {[%eval 1,0]} O-O {[%eval 6,0]} 8. d3 {[%eval 34,0]} h6 {[%eval 25,0]} 9.
Nbd2 {[%eval 26,0]} Nbd7 {[%eval 41,0]} 10. Re1 {[%eval 32,0]} Bg6 {[%eval 33,
0]} 11. Qc2 {[%eval 56,0]} Rc8 {[%eval 12,0]} 12. e4 {[%eval 37,0]} Nc5 $6 {
[%eval 62,0] Inaccuracy. a5 was best.} (12... a5) 13. Ne5 {[%eval 37,0]} Bh7 {
[%eval 49,0]} 14. b4 {[%eval 57,0]} Ncd7 {[%eval 76,0]} 15. Nxd7 {[%eval 47,0]}
Nxd7 {[%eval 55,0]} 16. Qc3 {[%eval 24,0]} Bf6 {[%eval 18,0]} 17. Qa3 {[%eval
3,0]} Bxb2 {[%eval 19,0]} 18. Qxb2 {[%eval 3,0]} c5 {[%eval 71,0]} 19. d4 {
[%eval 4,0]} cxd4 {[%eval 81,0]} 20. Qxd4 {[%eval 63,0]} dxc4 {[%eval 5,0]} 21.
Nxc4 {[%eval 66,0]} Qc7 $6 {[%eval 156,0] Inaccuracy. Nb8 was best.} (21... Nb8
) 22. Bf1 {[%eval 137,0]} Nb6 {[%eval 136,0]} 23. Na5 $2 {[%eval 13,0] Mistake.
Nd6 was best.} (23. Nd6 Rcd8 24. Rad1 Qe7 25. e5 Rd7 26. Rd2 Bg6 27. Bb5 Rc7
28. a3 Nc8 29. Bf1 Rd8) 23... Rfd8 {[%eval 38,0]} 24. Qe3 {[%eval 4,0]} Qe7 {
[%eval 52,0]} 25. a3 {[%eval 49,0]} e5 {[%eval 39,0]} 26. Rac1 {[%eval 44,0]}
Kh8 {[%eval 49,0]} 27. Nb3 {[%eval 33,0]} f6 {[%eval 11,0]} 28. Nc5 {[%eval 23,
0]} Rd4 {[%eval 32,0]} 29. f3 $6 {[%eval 24,0] Inaccuracy. Red1 was best.} (29.
Red1 Rcd8 30. Rxd4 Rxd4 31. h4 Bg8 32. Nb3 Rd6 33. Kh2 Qf7 34. Na5 Rd4 35. Qe2
Bh7) 29... Bg8 {[%eval 25,0]} 30. Rc3 $4 {[%eval -11,0] Blunder. Red1 was best.
} (30. Red1 Rcd8 31. Rxd4 Rxd4 32. Nb3 Rd8 33. Nc5 Kh7 34. h4 Bf7 35. Kh2 Nc8
36. Nd3 Qe6) 30... Nc4 $6 {[%eval -99,0] Inaccuracy. a5 was best.} (30... a5
31. Rec1 axb4 32. axb4 Rxb4 33. Qf2 Rc6 34. R3c2 Nd7 35. Nd3 Rxc2 36. Qxc2 Rc4
37. Qb2) 31. Bxc4 {[%eval -92,0]} Rxc4 {[%eval 88,0]} 32. Rxc4 {[%eval -88,0]}
Bxc4 {[%eval -98,0]} 33. Rc1 {[%eval -52,0]} Bf7 $2 {[%eval 35,0] Mistake. Bb5
was best.} (33... Bb5 34. a4 Be8 35. b5 Rd8 36. Qb3 Bf7 37. Qc3 Rd4 38. Nd3 Bc4
39. Nf2 Be6 40. Qc5) 34. Kf2 {[%eval 51,0]} b6 {[%eval 67,0]} 35. Nd3 {[%eval
56,0]} Rxc1 {[%eval 51,0]} 36. Qxc1 {[%eval 44,0]} Qe6 {[%eval 47,0]} 37. Ke3
$6 {[%eval -85,0] Inaccuracy. Qc2 was best.} (37. Qc2 Qd7 38. Qc3 Kh7 39. Kg2
a5 40. bxa5 bxa5 41. g4 a4 42. Nf2 Qb5 43. Qc7 Qb3) 37... Qb3 {[%eval -94,0]}
38. Qb2 {[%eval -73,0]} Qc4 {[%eval -89,0]} 39. f4 {[%eval -55,0]} Bg6 {
[%eval -28,0]} 40. Nf2 {[%eval -36,0]} Kh7 $2 {[%eval 35,0] Mistake. exf4+ was
best.} (40... exf4+ 41. gxf4) 41. fxe5 {[%eval 47,0]} fxe5 {[%eval 31,0]} 42.
g4 {[%eval 48,0]} Qf1 {[%eval 39,0]} 43. h3 {[%eval 37,0]} Qc4 {[%eval 34,0]}
44. h4 {[%eval 21,0]} Qf7 {[%eval 0,0]} 45. Qxe5 {[%eval 0,0]} Qb3+ {[%eval 0,
0]} 46. Nd3 {[%eval 0,0]} Qxa3 {[%eval 0,0]} 47. h5 {[%eval 0,0]} Bf7 {[%eval
0,0]} 48. Qf5+ {[%eval 0,0]} Kg8 {[%eval 0,0]} 49. Qc8+ {[%eval 0,0]} Kh7 {
[%eval 0,0]} 50. Qc2 {[%eval 4,0]} Bg8 {[%eval 0,0]} 51. e5 {[%eval 0,0]} a5 {
[%eval 0,0]} 52. b5 $6 {[%eval 85,0] Inaccuracy. Qc6 was best.} (52. Qc6 axb4
53. Qe4+ Kh8 54. e6 b3 55. Nf4 b2+ 56. Ke2 Qa2 57. Ng6+ Kh7 58. Nf8+ Kh8) 52...
Qb3 {[%eval 68,0]} 53. Qxb3 $4 {[%eval -292,0] Blunder. Qc6 was best.} (53. Qc6
) 53... Bxb3 {[%eval -287,0]} 54. Kd4 {[%eval -167,0]} Kg8 {[%eval -12,0]} 55.
Nf4 $2 {[%eval -278,0] Mistake. Nc5 was best.} (55. Nc5 Bd1 56. Nd7 Be2 57.
Nxb6 Bxb5 58. Kc5 Be2 59. Nd5 Bxg4 60. Nf4 Bd7 61. Kd6 Be8) 55... Kf7 {[%eval
-248,0]} 56. Kc3 $6 {[%eval -395,0] Inaccuracy. Kd3 was best.} (56. Kd3) 56...
Be6 {[%eval -468,0]} 57. Kd4 {[%eval -334,0]} Ke7 {[%eval -398,0]} 58. Ng6+ {
[%eval -357,0]} Kd7 {[%eval -228,0]} 59. Nf8+ $6 {[%eval -328,0] Inaccuracy.
Nf4 was best.} (59. Nf4 Ke7) 59... Ke7 {[%eval -385,0]} 60. Ng6+ {[%eval -379,
0]} Kd8 {[%eval -393,0]} 61. Nf4 {[%eval -234,0]} Kd7 {[%eval -223,0]} 62. Kc3
{[%eval -231,0]} Bf7 $6 {[%eval -143,0] Inaccuracy. Ke7 was best.} (62... Ke7
63. Kd3) 63. Nd3 {[%eval -274,0]} Bd5 {[%eval -111,0]} 64. Kd4 Bf3 65. Nf2 Ke6
66. Ke3 Bd5 67. Kd4 a4 68. Nd3 a3 69. Nf4+ Kf7 70. Kxd5 a2 71. Kd6 a1=Q 72. e6+
Ke8 73. Nd5 Qa3+ 74. Ke5 Qc5 75. Ke4 Qd6 76. Nf4 Qb4+ 77. Ke5 Qxb5+ 78. Nd5 Qc5
79. e7 Qxd5+ 80. Kxd5 Kxe7 81. Kd4 0-1

[Event "Kvika Reykjavik Open 2022"]
[Site "Reykjavik, Iceland"]
[Date "2022.04.07"]
[Round "2.50"]
[White "Mitra, Akash"]
[Black "Louis, Thibault"]
[Result "1/2-1/2"]
[WhiteElo "1866"]
[BlackElo "2181"]
[PlyCount "68"]
[EventDate "2022.??.??"]

1. d4 {[%eval 3,0]} d5 {[%eval 35,0]} 2. Bf4 {[%eval 0,0]} Nf6 {[%eval 0,0]} 3.
e3 {[%eval 9,0]} e6 {[%eval 11,0]} 4. Nf3 {[%eval 9,0]} Be7 {[%eval 9,0]} 5.
Bd3 {[%eval 16,0]} c5 {[%eval 35,0]} 6. c3 {[%eval 4,0]} Nc6 {[%eval 13,0]} 7.
Nbd2 {[%eval 2,0]} Nh5 {[%eval 16,0]} 8. Bg3 {[%eval 0,0]} f5 {[%eval 41,0]} 9.
Ne5 {[%eval 26,0]} Nf6 {[%eval 66,0]} 10. O-O {[%eval 76,0]} O-O {[%eval 67,0]}
11. Qe2 {[%eval 21,0]} Ne4 $6 {[%eval 87,0] Inaccuracy. Nxe5 was best.} (11...
Nxe5) 12. Nxe4 {[%eval 109,0]} fxe4 {[%eval 116,0]} 13. Bc2 {[%eval 105,0]} Bd6
{[%eval 134,0]} 14. Nxc6 {[%eval 100,0]} bxc6 {[%eval 117,0]} 15. Bxd6 {
[%eval 112,0]} Qxd6 {[%eval 112,0]} 16. f3 {[%eval 101,0]} exf3 {[%eval 142,0]}
17. Rxf3 {[%eval 162,0]} Bd7 {[%eval 219,0]} 18. Raf1 $2 {[%eval 98,0] Mistake.
Rh3 was best.} (18. Rh3 h6 19. Qd3 Rf5 20. dxc5 Qxc5 21. g4 Rf6 22. Qh7+ Kf7
23. Rf1 Rxf1+ 24. Kxf1 Rf8) 18... g6 {[%eval 66,0]} 19. Qf2 {[%eval 56,0]} cxd4
{[%eval 7,0]} 20. exd4 {[%eval 62,0]} Rxf3 {[%eval 61,0]} 21. Qxf3 {[%eval 7,0]
} Rf8 {[%eval 62,0]} 22. Qxf8+ {[%eval 69,0]} Qxf8 {[%eval 59,0]} 23. Rxf8+ {
[%eval 67,0]} Kxf8 {[%eval 62,0]} 24. Kf2 {[%eval 6,0]} Ke7 {[%eval 64,0]} 25.
Ke3 {[%eval 6,0]} Kf6 {[%eval 55,0]} 26. Kf4 {[%eval 62,0]} h6 {[%eval 55,0]}
27. b4 {[%eval 5,0]} g5+ {[%eval 37,0]} 28. Ke3 {[%eval 47,0]} e5 {[%eval 47,0]
} 29. a4 {[%eval 63,0]} h5 {[%eval 38,0]} 30. Bd3 {[%eval 57,0]} h4 {[%eval 51,
0]} 31. Bc2 {[%eval 24,0]} Ke6 {[%eval 31,0]} 32. Bd1 {[%eval 37,0]} Kd6 {
[%eval 36,0]} 33. Be2 Bf5 34. dxe5+ Kxe5 {Ke4+} 1/2-1/2

[Event "Kvika Reykjavik Open 2022"]
[Site "Reykjavik, Iceland"]
[Date "2022.04.07"]
[Round "2.52"]
[White "Finnbogadottir, Tinna Kristin"]
[Black "Domalchuk-Jonasson, Aleksandr"]
[Result "0-1"]
[WhiteElo "1848"]
[BlackElo "2169"]
[PlyCount "86"]
[EventDate "2022.??.??"]

1. d4 {[%eval 3,0]} Nf6 {[%eval 23,0]} 2. Nf3 {[%eval 12,0]} e6 {[%eval 27,0]}
3. e3 {[%eval 0,0]} c5 {[%eval 2,0]} 4. Bd3 {[%eval 0,0]} Nc6 {[%eval 2,0]} 5.
a3 {[%eval 1,0]} d5 {[%eval 33,0]} 6. b3 {[%eval 0,0]} b6 {[%eval 0,0]} 7. Nbd2
{[%eval 7,0]} Bb7 {[%eval 14,0]} 8. Bb2 {[%eval 22,0]} Be7 {[%eval 12,0]} 9.
O-O {[%eval 0,0]} O-O {[%eval 0,0]} 10. h3 {[%eval 4,0]} a5 {[%eval 4,0]} 11.
Re1 {[%eval 0,0]} a4 {[%eval 21,0]} 12. c4 {[%eval 23,0]} axb3 {[%eval 7,0]}
13. Qxb3 {[%eval 34,0]} cxd4 {[%eval 42,0]} 14. Nxd4 {[%eval 21,0]} Na5 {
[%eval 31,0]} 15. Qd1 {[%eval 7,0]} Rc8 $6 {[%eval 8,0] Inaccuracy. Ba6 was
best.} (15... Ba6 16. Bc3 Qd7 17. Bxa5 bxa5 18. Bf1 Rfc8 19. cxd5 Nxd5 20. Bxa6
Rxa6 21. Qb3 Nc3 22. Nc4) 16. cxd5 {[%eval 18,0]} Nxd5 {[%eval 7,0]} 17. Rc1 {
[%eval 22,0]} g6 {[%eval 9,0]} 18. N2f3 {[%eval 42,0]} Bf6 {[%eval 72,0]} 19.
Qe2 $6 {[%eval 4,0] Inaccuracy. Rxc8 was best.} (19. Rxc8) 19... Qe7 {[%eval 0,
0]} 20. Bb1 {[%eval 3,0]} Bg7 {[%eval 0,0]} 21. Ba2 {[%eval 0,0]} h6 {[%eval
16,0]} 22. Qd2 {[%eval 12,0]} Rfd8 {[%eval 38,0]} 23. Rxc8 {[%eval 0,0]} Bxc8 {
[%eval 3,0]} 24. Qe2 {[%eval 14,0]} Kh7 {[%eval 49,0]} 25. Rc1 {[%eval 11,0]}
Bb7 {[%eval 21,0]} 26. h4 {[%eval 0,0]} e5 {[%eval 0,0]} 27. Nb5 {[%eval 4,0]}
e4 {[%eval 1,0]} 28. Nfd4 $4 {[%eval -54,0] Blunder. Nh2 was best.} (28. Nh2 h5
29. Bxg7 Kxg7 30. Rd1 Qxh4 31. Qb2+ Kg8 32. Bxd5 Bxd5 33. Qd4 Nc6 34. Qxb6 Bc4)
28... Qxh4 {[%eval -51,0]} 29. Bxd5 $4 {[%eval -368,0] Blunder. Nc7 was best.}
(29. Nc7) 29... Rxd5 {[%eval -354,0]} 30. Rc7 $6 {[%eval -594,0] Inaccuracy.
g3 was best.} (30. g3 Qh3) 30... Rh5 {[%eval -548,0]} 31. Qxh5 Qxh5 32. Rxf7
Qd1+ 33. Kh2 Qh5+ 34. Kg1 Kg8 35. Rd7 Qd1+ 36. Kh2 Qh5+ 37. Kg1 Nc4 38. Rxb7
Qd1+ 39. Kh2 Be5+ 40. g3 Qf1 41. Ne6 Qxf2+ 42. Kh1 Qe1+ 43. Kg2 Nxe3+ 0-1

[Event "Kvika Reykjavik Open 2022"]
[Site "Reykjavik, Iceland"]
[Date "2022.04.07"]
[Round "2.53"]
[White "Karason, Askell O"]
[Black "Sarkisian, Arman"]
[Result "1/2-1/2"]
[WhiteElo "2166"]
[BlackElo "1862"]
[PlyCount "135"]
[EventDate "2022.??.??"]

1. Nf3 {[%eval 29,0]} Nf6 {[%eval 29,0]} 2. c4 {[%eval 25,0]} e6 {[%eval 22,0]}
3. g3 {[%eval 13,0]} b6 {[%eval 4,0]} 4. Bg2 {[%eval 46,0]} Bb7 {[%eval 47,0]}
5. O-O {[%eval 29,0]} c5 $6 {[%eval 86,0] Inaccuracy. Be7 was best.} (5... Be7
6. d4 O-O 7. Re1 Ne4 8. Bf4 f5 9. Qc2 Nc6 10. h4) 6. Nc3 {[%eval 33,0]} Be7 {
[%eval 44,0]} 7. d4 {[%eval 49,0]} cxd4 {[%eval 47,0]} 8. Qxd4 {[%eval 43,0]}
O-O {[%eval 41,0]} 9. Rd1 {[%eval 38,0]} a6 $6 {[%eval 135,0] Inaccuracy. d6
was best.} (9... d6) 10. b3 {[%eval 85,0]} Nc6 {[%eval 102,0]} 11. Qf4 {
[%eval 109,0]} Qb8 $6 {[%eval 191,0] Inaccuracy. h6 was best.} (11... h6 12. e4
) 12. Bb2 $2 {[%eval 73,0] Mistake. Qxb8 was best.} (12. Qxb8 Nxb8) 12... Qxf4
{[%eval 77,0]} 13. gxf4 {[%eval 76,0]} Rfd8 {[%eval 88,0]} 14. Ne5 {[%eval 66,
0]} Rab8 {[%eval 62,0]} 15. Rac1 {[%eval 55,0]} Nxe5 {[%eval 77,0]} 16. fxe5 {
[%eval 69,0]} Ne8 {[%eval 88,0]} 17. Ne4 {[%eval 65,0]} d5 {[%eval 75,0]} 18.
exd6 {[%eval 66,0]} Nxd6 {[%eval 66,0]} 19. Nxd6 {[%eval 92,0]} Bxd6 {[%eval
63,0]} 20. Rxd6 {[%eval 82,0]} Rxd6 {[%eval 58,0]} 21. Be5 {[%eval 85,0]} Rdd8
{[%eval 57,0]} 22. Bxb8 {[%eval 72,0]} Rxb8 {[%eval 41,0]} 23. Bxb7 {[%eval 23,
0]} Rxb7 {[%eval 27,0]} 24. c5 {[%eval 41,0]} Kf8 {[%eval 22,0]} 25. cxb6 {
[%eval 12,0]} Rxb6 {[%eval 17,0]} 26. Rc7 {[%eval 7,0]} g5 {[%eval 0,0]} 27. f3
{[%eval 0,0]} Kg7 {[%eval 0,0]} 28. Kf2 {[%eval 0,0]} Kg6 {[%eval 0,0]} 29. Ke3
{[%eval 0,0]} Rd6 {[%eval 0,0]} 30. b4 {[%eval 15,0]} f5 {[%eval 13,0]} 31. a4
{[%eval 0,0]} e5 {[%eval 12,0]} 32. b5 {[%eval 3,0]} axb5 {[%eval 0,0]} 33.
axb5 {[%eval 0,0]} Rd4 {[%eval 0,0]} 34. b6 {[%eval 0,0]} f4+ {[%eval 0,0]} 35.
Kf2 {[%eval 0,0]} Rb4 {[%eval 0,0]} 36. b7 {[%eval 0,0]} h5 {[%eval 0,0]} 37.
h3 {[%eval 0,0]} Rb1 {[%eval 0,0]} 38. e4 {[%eval 0,0]} Rb2+ {[%eval 0,0]} 39.
Ke1 {[%eval 0,0]} g4 {[%eval 0,0]} 40. fxg4 {[%eval 0,0]} hxg4 {[%eval 0,0]}
41. hxg4 {[%eval 0,0]} Kg5 {[%eval 0,0]} 42. Rg7+ {[%eval 0,0]} Kh4 {[%eval 0,
0]} 43. g5 {[%eval 0,0]} Kg3 44. g6 f3 45. Rf7 f2+ 46. Rxf2 Rxb7 47. Rf7 Rb8
48. Ke2 Rg8 49. g7 Kg4 50. Kd3 Kg5 51. Rf5+ Kg6 52. Rxe5 Rxg7 53. Rf5 Rf7 54.
Ra5 Rd7+ 55. Ke3 Kf6 56. Kf4 Rb7 57. Ra6+ Ke7 58. Kf5 Rb1 59. Ra7+ Ke8 60. Rg7
Kf8 61. Rc7 Ke8 62. e5 Rb6 63. Rh7 Kf8 64. Ke4 Ke8 65. Kd5 Ra6 66. Rb7 Rh6 67.
e6 Rh1 68. Kd6 1/2-1/2